LEADER 01148nam a2200277 4500 001 000000367462 003 CaOOAMICUS 005 20260427134710.0 008 260427s2026 it a 000 u ita r 020 $a978-88-15-39594-8 040 $aSeMil$bita 110 2 $aIstituto "Giuseppe Toniolo" di Studi Superiori .$0(OLS)http://semarc/name/1609 245 13$aLa condizione giovanile in Italia :$brapporto giovani 2026 /$cIstituto Giuseppe Toniolo. 264 1$aBologna :$bIl Mulino,$c2026. 300 $a251 p. :$bill. ;$c22 cm 490 1 $aPercorsi 650 4$aGiovani - Rapporti annuali.$0(OLS)http://semarc/subject/55766 830 0$aPercorsi.$0(OLS)http://semarc/title/423011 850 $aSeMil 852 $aSeMil$W1$xVenegono$y1$m3YY I 1/26$j271039$B258158$CSeMilBibl$Z2$F258158 $81 941 1 $a7 961 $aOmaggio mons. Mario Delpini 996 $6020$a978-88-15-39594-8$9(OLS)http://semarc/number/305753 996 $6245$aLa condizione giovanile in Italia :$brapporto giovani 2026$9(OLS)http://semarc/title/459400 996 $6264$aBologna :$bIl Mulino$9(OLS)http://semarc/publisher/29842